Causation in International Relations : (Record no. 11123)
[ view plain ]
| 000 -LEADER | |
|---|---|
| fixed length control field | 02015cam a2200325 a 4500 |
| 001 - CONTROL NUMBER | |
| control field | 15108349 |
| 005 - DATE AND TIME OF LATEST TRANSACTION | |
| control field | 20201128020716.0 |
| 008 - FIXED-LENGTH DATA ELEMENTS--GENERAL INFORMATION | |
| fixed length control field | 071211s2008 enk b 001 0 eng |
| 010 ## - LIBRARY OF CONGRESS CONTROL NUMBER | |
| LC control number | 2007050507 |
| 020 ## - INTERNATIONAL STANDARD BOOK NUMBER | |
| International Standard Book Number | 9780521882972 (hardback) |
| 020 ## - INTERNATIONAL STANDARD BOOK NUMBER | |
| International Standard Book Number | 9780521709507 (pbk.) |
| 040 ## - CATALOGING SOURCE | |
| Original cataloging agency | DLC |
| Transcribing agency | DLC |
| Modifying agency | DLC |
| 050 00 - LIBRARY OF CONGRESS CALL NUMBER | |
| Classification number | JZ1237 |
| Item number | .K87 2008 |
| 082 00 - DEWEY DECIMAL CLASSIFICATION NUMBER | |
| Classification number | 327.101 |
| Edition number | 22 |
| Item number | KUR |
| 100 1# - MAIN ENTRY--PERSONAL NAME | |
| Personal name | Kurki, Milja. |
| 9 (RLIN) | 2831 |
| 245 10 - TITLE STATEMENT | |
| Title | Causation in International Relations : |
| Remainder of title | Reclaiming Causal Analysis / |
| Statement of responsibility, etc | Milja Kurki. |
| 260 ## - PUBLICATION, DISTRIBUTION, ETC. (IMPRINT) | |
| Place of publication, distribution, etc | Cambridge ; |
| -- | New York : |
| Name of publisher, distributor, etc | Cambridge University Press, |
| Date of publication, distribution, etc | c2008. |
| 300 ## - PHYSICAL DESCRIPTION | |
| Extent | xii, 349 p. ; |
| Dimensions | 24 cm. |
| 490 0# - Series Statement | |
| Series statement | Cambridge studies in international relations ; |
| Volume/sequential designation | 108 |
| 504 ## - BIBLIOGRAPHY, ETC. NOTE | |
| Bibliography, etc | Includes bibliographical references (p. 311-339) and index. |
| 505 0# - FORMATTED CONTENTS NOTE | |
| Formatted contents note | The Humean philosophy of causation and its legacies in philosophy of science -- Controversy over causes in the social sciences -- Humeanism and rationalist causal analysis in international relations -- Reflectivist and constructivist approaches in international relations : more cases of Humeanism -- Attempts to move beyond Humeanism : strengths and weaknesses -- Rethinking causation : towards a deeper and broader concept of cause -- Expanding horizons in world political causal inquiry -- Reconceptualising causes, reframing the divided discipline. |
| 650 #0 - SUBJECT ADDED ENTRY--TOPICAL TERM | |
| 9 (RLIN) | 2834 |
| Topical term or geographic name as entry element | International relations |
| General subdivision | Philosophy |
| 650 #0 - SUBJECT ADDED ENTRY--TOPICAL TERM | |
| 9 (RLIN) | 2833 |
| Topical term or geographic name as entry element | International relations |
| General subdivision | Research. |
| 650 #0 - SUBJECT ADDED ENTRY--TOPICAL TERM | |
| 9 (RLIN) | 2832 |
| Topical term or geographic name as entry element | International relations |
| General subdivision | Study and teaching |
| 856 42 - ELECTRONIC LOCATION AND ACCESS | |
| Materials specified | Contributor biographical information |
| Uniform Resource Identifier | <a href="http://www.loc.gov/catdir/enhancements/fy0810/2007050507-b.html">http://www.loc.gov/catdir/enhancements/fy0810/2007050507-b.html</a> |
| 856 42 - ELECTRONIC LOCATION AND ACCESS | |
| Materials specified | Publisher description |
| Uniform Resource Identifier | <a href="http://www.loc.gov/catdir/enhancements/fy0810/2007050507-d.html">http://www.loc.gov/catdir/enhancements/fy0810/2007050507-d.html</a> |
| 856 41 - ELECTRONIC LOCATION AND ACCESS | |
| Materials specified | Table of contents only |
| Uniform Resource Identifier | <a href="http://www.loc.gov/catdir/enhancements/fy0810/2007050507-t.html">http://www.loc.gov/catdir/enhancements/fy0810/2007050507-t.html</a> |
| 942 ## - ADDED ENTRY ELEMENTS (KOHA) | |
| Source of classification or shelving scheme | Dewey Decimal Classification |
| Item type | Book - Borrowing |
| Withdrawn status | Item status | Source of classification or shelving scheme | Damaged status | Not for loan | Vendor | Home library | Current library | Shelving location | Date acquired | Source of acquisition | Cost, normal purchase price | Serial Enumeration / chronology | Total Checkouts | Total Renewals | Full call number | Barcode | Date last seen | Date last borrowed | Koha item type |
|---|---|---|---|---|---|---|---|---|---|---|---|---|---|---|---|---|---|---|---|
| Dewey Decimal Classification | MERIC | Central Library | Central Library | First floor | 26/03/2009 | 263.00 | 9083 | 4 | 2 | 327.101 KUR | 000015726 | 15/07/2025 | 02/04/2014 | Book - Borrowing |